000 00468cam a2200193ua 4500
001 2703
008 110908n ii |||gr||||Z||||||asm
020 _a81-7339-348-6
040 _cMAIN
082 _a891.4512
100 _aBaruah, Satya Prasad,
_eAuthor.
245 1 1 _aMrinal maahi
_cby Satya Prasad Baruah
250 _a1st.
260 _aGuahati:
_bBanalata,
_c2001.
300 _a48p:
_c23cm.
653 _aAssamese drama
653 _aMrinal maahi
942 _cBK
999 _c2554
_d2554